[Event "Moscow-4teams"]
[Site "Moscow"]
[Date "1981.02.24"]
[Round "2.4"]
[White "Dolmatov, Sergey"]
[Black "Vasiukov, Evgeni"]
[Result "1-0"]
[WhiteElo "2545"]
[BlackElo "2545"]
[Annotator "Dolmatov,S"]
[PlyCount "81"]
[EventDate "1981.02.22"]
[EventType "team"]
[EventRounds "6"]
[EventCountry "URS"]
[SourceTitle "MCL"]
[Source "ChessBase"]
[SourceDate "1999.07.01"]
[SourceVersion "1"]
[SourceVersionDate "1999.07.01"]
[SourceQuality "1"]
[WhiteTeam "Soviet Union U26"]
[BlackTeam "Soviet Union Seniors"]
[WhiteTeamCountry "URS"]
[BlackTeamCountry "URS"]

1. e4 e5 2. Nf3 Nc6 3. Bc4 Nf6 4. d3 Be7 5. O-O O-O 6. Bb3 d6 7. c3 Be6 8. Re1
Bxb3 9. Qxb3 Na5 10. Qd1 c5 11. b4 (11. d4 exd4 12. cxd4 d5 13. e5 Ne4 14. Nc3
Nc6 15. Nxe4 dxe4 16. Rxe4 Qd5 $10) 11... Nc6 (11... cxb4 $5 12. cxb4 Nc6 13.
a3 a6 14. Bb2 $14) 12. b5 Nb8 13. c4 Nbd7 14. Nc3 Ne8 15. Nd5 Nc7 (15... f5 16.
exf5 Rxf5 17. Qe2 $14) 16. Ne3 g6 (16... a6 17. Qb3 $14) (16... Bg5 $5 17. Nxg5
Qxg5 18. Nd5 Qd8 19. f4 Nxd5 $10) 17. Bd2 Ne8 $2 (17... f5 18. exf5 gxf5 19.
Bc3 (19. Qb3 $2 e4 20. dxe4 fxe4 $19) 19... Qe8 $10) 18. Nd5 f5 19. exf5 gxf5
20. g3 Rf7 $6 (20... Nc7 $5 $14) 21. Bc3 Bf6 22. Nd2 Bg7 23. f4 Nc7 24. Nxc7
Qxc7 25. Qf3 $16 Raf8 26. Kh1 Kh8 27. Nf1 $1 exf4 28. Bxg7+ Rxg7 29. gxf4 $16 (
29. Qxf4 $2 Ne5 30. Rad1 Rg4 31. Qf2 $10) 29... Nf6 30. Ng3 Qd7 31. Rad1 {/\ d4
} Rfg8 (31... d5 32. Re5 $18) 32. d4 Rxg3 $5 33. hxg3 Ne4 34. Rg1 cxd4 35. Rg2
(35. Rxd4 $6 Qg7 36. Rxe4 fxe4 37. Qxe4 $16) 35... Qg7 36. Kg1 h6 37. Qd3 Nc3
38. Re1 (38. Rdd2 Ne4) 38... Qf6 (38... Ne4 39. g4 $16) 39. g4 $1 fxg4 (39...
Rxg4 40. Re8+ Kg7 41. Qf3 Kf7 42. Rb8 $18) 40. f5 Kh7 41. Re6 1-0

[Event "Baden"]
[Site "Baden"]
[Date "1980.??.??"]
[Round "2"]
[White "Nunn, John DM"]
[Black "Janetschek, Karl"]
[Result "1-0"]
[WhiteElo "2515"]
[BlackElo "2325"]
[Annotator "Dolmatov,S"]
[PlyCount "59"]
[EventDate "1980.??.??"]
[EventType "tourn"]
[EventRounds "15"]
[EventCountry "AUT"]
[EventCategory "12"]
[SourceTitle "MCL"]
[Source "ChessBase"]
[SourceDate "1999.07.01"]
[SourceVersion "1"]
[SourceVersionDate "1999.07.01"]
[SourceQuality "1"]

1. e4 e5 2. Bc4 Nf6 3. d3 d6 4. Nf3 Be7 5. Nbd2 Nc6 6. c3 Be6 7. O-O (7. Bxe6
fxe6 8. Qb3 Qc8 9. O-O O-O $10) 7... O-O 8. Re1 a6 9. a4 $14 Qd7 10. a5 Rfe8
11. Qb3 (11. b4 $5) 11... Nd8 (11... Rab8 $32) 12. h3 (12. d4 exd4 13. cxd4 d5
14. exd5 Bxd5 15. Ne5 $14) 12... Bf8 13. Qc2 g6 14. b4 Bh6 (14... Bg7 $32 15.
Bb2 Bxc4 16. Nxc4 Ne6 $14) 15. Bb2 Nh5 (15... Nc6 $32) 16. d4 Bxc4 17. Nxc4 f6
18. Rad1 $16 Nf7 19. Ne3 Nf4 20. c4 Rad8 21. Qb3 Nh5 22. Nd5 Bg7 23. c5 Kf8 24.
cxd6 Nxd6 25. Nxf6 Nxf6 26. dxe5 Nfxe4 27. Rxe4 Qf5 28. Ree1 Nb5 29. Rxd8 Rxd8
30. e6 1-0

[Event "Novgorod op"]
[Site "Novgorod"]
[Date "1995.??.??"]
[Round "6"]
[White "Bologan, Viktor"]
[Black "Malaniuk, Vladimir P"]
[Result "1-0"]
[WhiteElo "2540"]
[BlackElo "2615"]
[Annotator "Dolmatov,S"]
[PlyCount "74"]
[EventDate "1995.05.??"]
[EventType "swiss"]
[EventRounds "9"]
[EventCountry "RUS"]
[SourceTitle "EXT 2000"]
[Source "ChessBase"]
[SourceDate "1999.11.16"]
[SourceVersion "1"]
[SourceVersionDate "1999.11.16"]
[SourceQuality "1"]

1. e4 e5 2. Nf3 Nc6 3. Bc4 Nf6 4. d3 Be7 5. O-O O-O 6. Bb3 d5 (6... d6 7. c3
Be6) 7. exd5 Nxd5 8. h3 (8. Re1 $5 Bg4 9. h3) 8... Bf6 (8... Re8 9. Re1 Bb4 $6
10. c3 Bf8 11. d4 e4 12. Ne5 Bf5 13. Nxc6 bxc6 14. Nd2 $14 {Stratil,P-Novik,M/
Bratislava/1992/}) 9. Re1 Be6 (9... Re8 10. Nbd2 Nb6 (10... Na5 11. Nc4 Nxc4
12. dxc4 $14) 11. Ne4 $14 {Titov,G-Mozetic,D/Vrnjacka Banja/1992/ Inf 56/(349)}
) 10. Nbd2 Nf4 $8 (10... h6 $6 11. Ne4 Be7 12. Ng3 $16) 11. Ba4 (11. Nc4 Re8 (
11... Ng6 $5) 12. Ba4 $6 Bxc4 13. dxc4 Qxd1 14. Rxd1 Ne2+ 15. Kf1 Nxc1 16.
Raxc1 e4 17. Bxc6 bxc6 18. Nd4 c5 $10) 11... Nd4 (11... Ng6 $5 12. Bxc6 bxc6
13. Ne4 Be7 $132) 12. Ne4 (12. Nxe5 $2 Bxe5 $1 (12... b5 13. Bb3 Bxb3 14. Nxb3
Nfe2+ 15. Rxe2 Nxe2+ 16. Qxe2 Re8 17. d4 $16) (12... Bxh3 13. gxh3 Bxe5 14.
Rxe5 Qf6 15. Re3 $1 Qg5+ 16. Rg3 Nde2+ 17. Kh2) 13. Rxe5 Qf6 14. Re3 Qg6 $40)
12... Ng6 13. Nxd4 (13. Nc5 $6 Nxf3+ 14. Qxf3 Bd5 $132) 13... exd4 14. Qh5 $14
Be7 15. Bg5 Bd5 (15... Qd5 $2 16. Bb3 $16) (15... f6 $5 16. Bd2 Bf7 17. Bb3 $14
) 16. Bxe7 Nxe7 17. Re2 Bc6 $6 (17... b6 $32 18. Rae1 Ng6 $14) 18. Bb3 Nd5 19.
Qf5 (19. Qe5 $6 Re8 20. Qxd4 $2 Nf4 21. Qxd8 Nxe2+ $19) 19... h6 20. Rae1 a5
21. a4 b6 22. Nd2 Qd6 23. Nf3 Rad8 (23... Nf4 24. Re7 (24. Re5 $6 Ng6) 24...
Bxf3 (24... Ne6 25. R7xe6 fxe6 26. Rxe6 Rxf5 27. Rxd6+ $18) 25. Bxf7+ Kh8 26.
gxf3 $16) 24. Re5 (24. Nxd4 $2 Nf4) 24... Nb4 25. Qg4 Bd5 (25... Bd7 26. Qxd4
Qxd4 27. Nxd4 Bxh3 28. Nb5 $16) (25... Bb7 26. Nh4 $40) (25... Bxf3 26. Qxf3
Nc6 27. Rd5 Qf6 28. Rf5 $16) 26. Bxd5 Nxd5 27. Qxd4 $18 Qc6 28. Qe4 Qd7 29. b3
Qd6 30. Qc4 Nf6 31. Qb5 Nd5 32. Nh4 c6 33. Qc4 g6 34. Qg4 Qf6 35. Nf5 h5 36.
Qg3 Kh7 37. Ne3 Nb4 (37... Nb4 38. d4 Rxd4 $1 39. c3 Nd3 40. cxd4 Nxe1 41. Nc4
Nc2 42. Qc3 Nb4 43. Nxb6) 1-0

[Event "Tilburg"]
[Site "Tilburg"]
[Date "1993.??.??"]
[Round "3"]
[White "Shirov, Alexei"]
[Black "Mozetic, Dejan"]
[Result "1-0"]
[WhiteElo "2685"]
[BlackElo "2580"]
[Annotator "Donev,I"]
[PlyCount "63"]
[EventDate "1993.11.??"]
[EventType "k.o."]
[EventRounds "7"]
[EventCountry "NED"]
[SourceTitle "CBM 039"]
[Source "ChessBase"]
[SourceDate "1994.04.01"]
[SourceVersion "1"]
[SourceVersionDate "1994.04.01"]
[SourceQuality "1"]

1. e4 e5 2. Nf3 Nc6 3. Bc4 Nf6 4. d3 Be7 5. O-O O-O 6. Bb3 d5 7. exd5 Nxd5 8.
h3 a5 9. Ba4 Nd4 10. Nxe5 Nb6 (10... Bf6 11. Re1 Nb6 12. c3 Nxa4 13. Qxa4 Bxe5
14. Rxe5 Ne6 15. d4 $16 {Nevednichy,V - Yandemirov,V URS-ch 1991}) 11. c3 Nxa4
12. Qxa4 Ne2+ $1 13. Kh1 Bf6 14. d4 (14. Qe4 Nxc1 15. Rxc1 Bxe5 16. Qxe5 Qxd3
$15 17. Qxc7 (17. Na3 $142) 17... Ra6 $5 18. Na3 Bxh3 $3 19. gxh3 (19. Rd1
Bxg2+ 20. Kxg2 Rg6+ $19) 19... Qxh3+ 20. Qh2 Qf3+ 21. Qg2 Rh6+ 22. Kg1 Rg6 $19)
14... Bxh3 $3 15. gxh3 Qd5+ 16. Kh2 (16. f3 $2 Bxe5 17. dxe5 Ng3+ 18. Kg2 Nxf1
19. Qd4 Rfd8 20. Qf2 (20. Qxd5 Rxd5 $17) 20... Qd3 $17) 16... Bxe5+ 17. dxe5
Qxe5+ 18. Kh1 (18. f4 Qf5 $1 19. Qc4 (19. Nd2 Qg6 20. Ne4 Rae8 21. f5 (21. Ng5
h6 $15) 21... Rxe4 $1 22. fxg6 (22. Qxe4 $4 Qg3+ 23. Kh1 Qxh3#) 22... Rxa4 23.
b3 Re4 24. Ba3 hxg6 25. Bxf8 Kxf8 $15) 19... Rfe8 20. Bd2 Rad8 $44 21. Rf3 Qg6
22. Qc5 Nd4 $1 23. Rf2 Nc2 $19) 18... Qd5+ 19. Kh2 Ra6 (19... Qe5+ 20. Kh1 Qd5+
21. Kh2 $10) 20. Qd1 Qe5+ (20... Qf3 21. Bg5 $1 Rg6 22. Nd2 $16) 21. f4 (21.
Kh1 Qe4+ 22. f3 Qh4 $1 $17) 21... Qh5 22. Nd2 (22. Na3 Rd6 $40) 22... Rd8 $6 (
22... Rh6 $1 23. Rf3 Ng3 $3 24. Kxg3 Qxh3+ 25. Kf2 Qh2+ 26. Ke3 Rd8 $1 {/\Re6}
27. f5 (27. Qf1 Re6+ 28. Ne4 Qc2 $19) 27... Qe5+ 28. Kf2 Rh2+ 29. Kg1 Re2 30.
Kf1 Re8 $19) 23. Rf2 Rd3 (23... Nxf4 24. Qxh5 Nxh5 25. Nb3 $1 $16) 24. Qf1 Rh6
(24... Re6 25. Nf3 Nxc1 26. Rxc1 Ree3 27. Re1 $16) 25. Nf3 $16 g6 (25... Nxc1
26. Rxc1 Qf5 27. Ng1 $18) (25... Rd1 26. Rxe2 $18) 26. Qg2 Qd5 27. Ng5 $1 Qxg2+
28. Kxg2 $18 (28. Rxg2 $2 Nxc1 29. Rxc1 f6 $10) 28... f6 29. Rxe2 fxg5 30. fxg5
Rhxh3 31. Bf4 Rh4 32. Re4 1-0

[Event "URS-ch49 Semifinal"]
[Site "Saratov"]
[Date "1981.07.??"]
[Round "?"]
[White "Timoscenko, Gennadij A"]
[Black "Chekhov, Valery A"]
[Result "1-0"]
[WhiteElo "2510"]
[BlackElo "2435"]
[Annotator "Dorfman,J"]
[PlyCount "78"]
[EventDate "1981.07.01"]
[EventType "tourn"]
[EventRounds "15"]
[EventCountry "URS"]
[SourceTitle "EXT 2014"]
[Source "ChessBase"]
[SourceDate "2013.11.20"]
[SourceVersion "1"]
[SourceVersionDate "2013.11.20"]
[SourceQuality "1"]

1. e4 e5 2. Nf3 Nc6 3. Bc4 Nf6 4. d3 h6 5. O-O d6 6. c3 g6 {Beliavsky plan} 7.
d4 Qe7 8. Nbd2 Bg7 9. Re1 O-O 10. h3 Nh5 {Razuvaev idea in Shakhm. Bul 1981/01.
} (10... Nh7 11. Nf1 Ng5 12. N1h2 $1 Nxf3+ 13. Nxf3 Kh7 (13... Na5 14. Bd3 c5
15. Be3 Kh7 16. Qa4 $1 b6 17. b4 Bd7 18. Qa3 cxd4 19. cxd4 Nc6 20. d5 Nd4 21.
Bxd4 exd4 {1-0 Dolmatov,S (2535)-Beliavsky,A (2590)/Tashkent 1980 (77)}) 14. a4
f5 $1 15. dxe5 dxe5 16. a5 fxe4 17. Nd2 e3 18. Rxe3 Bf5 19. a6 b6 {0-1 Ghinda,
M (2450)-Beliavsky,A (2620)/Lvov 1981 (36)}) 11. Nf1 Nf4 12. Ne3 Re8 13. Nd5 $1
Nxd5 14. Bxd5 Bd7 15. Be3 exd4 16. cxd4 Nd8 17. Bb3 Kh7 18. Bc2 c5 19. Qd2 Nc6
20. Rad1 Rad8 21. b3 Bc8 22. d5 Nb8 {White want to play ..e4-e5.} 23. Nh2 Nd7
24. f4 b6 25. Bd3 Qf8 26. Nf3 Re7 27. Bf2 Rde8 28. Bb1 Rd8 29. Bh4 Bf6 {[#]}
30. e5 $1 dxe5 31. d6 Bxh4 32. dxe7 Bxe7 33. Qe2 c4 34. Qxc4 Bc5+ 35. Kh1 exf4
36. Qxf4 Bb7 37. Be4 Bxe4 38. Rxe4 f5 39. Re2 Nf6 {(time)} 1-0

[Event "Wch U20 41st"]
[Site "Goa"]
[Date "2002.12.19"]
[Round "12"]
[White "Erenburg, Sergey"]
[Black "Ganguly, Surya Shekhar"]
[Result "1/2-1/2"]
[WhiteElo "2490"]
[BlackElo "2531"]
[Annotator "Erenburg,S"]
[PlyCount "178"]
[EventDate "2002.12.09"]
[EventType "swiss"]
[EventRounds "13"]
[EventCountry "IND"]
[SourceTitle "CBM 091 Extra"]
[Source "ChessBase"]
[SourceDate "2003.01.09"]
[SourceVersion "1"]
[SourceVersionDate "2003.01.09"]
[SourceQuality "1"]

1. e4 e5 2. Nf3 Nc6 3. Bc4 Nf6 4. d3 ({Other theoretical line is} 4. d4) 4...
Be7 5. O-O O-O 6. Re1 d6 7. a4 (7. c3 Na5 8. Bb5 a6 9. Ba4 b5 10. Bc2 {
transforming to Ruy Lopez Defence.}) 7... Kh8 (7... Nd4 {See commented game 1/
2-1/2 Morozevich,A-Gelfand,B/Astana 2001/CBM 84/[Gelfand] (42)}) (7... h6 {
see 1/2-1/2 Tkachiev,V-Fressinet,L/Cap d'Agde 2002/CBM 92 no vc (46)}) 8. c3 (
8. a5 $5 {see 1/2-1/2 Tkachiev,V-Fressinet,L/Cap d'Agde 2002/CBM 92 no vc (24)}
) 8... Bg4 (8... Ng8 9. a5 {1/2-1/2 Macieja,B-Johannessen,L/Bermuda 2002/CBM
88 (36)} (9. d4 {1/2-1/2 Felgaer,R-Hebden,M/Port Erin 2002/CBM 90 ext (21)}))
9. h3 Bh5 10. Nbd2 (10. g4 $6 Nxg4 (10... Bg6 $5) 11. hxg4 Bxg4 $40) 10... d5
11. Bb3 $146 ({White tried to play} 11. exd5 Nxd5 12. Nf1 f6 (12... f5 $6 13.
Ng3 Bg6 (13... Bxf3 14. Qxf3 $14) 14. Nxe5 Nxe5 15. Rxe5 $16 {0-1 Grosar,
A-Sokolov,I/Bled 1991/CBM 24 (30)}) 13. a5 Bc5 $6 (13... Bf7 $5) 14. Ng3 Bg6
15. Ne4 $16 {1/2-1/2 Rabiega,R-Penz,H/Austria 1998/CBM 63 ext (109)}) 11... a5
12. Qe2 {[%cal Yd2f1,Yf1g3]} Bg6 13. Nh4 {[%csl Gb3,Rg6]} Qd7 14. Nxg6+ hxg6
15. Nf1 Rad8 16. Qf3 (16. Bg5 {deserved attention.}) 16... d4 17. Rd1 Qd6 18.
h4 (18. Ng3 {is already met by} Nd7 {and white hasn't h3-h4.}) 18... Nh5 ({
After} 18... Nd7 {white replies} 19. h5 {with initiative.}) 19. Ng3 Qf6 {
Black is going to trade queens to minimize the danger for his king.} (19...
Nxg3 20. Qxg3 $14) (19... Nf4 20. Bxf4 (20. h5 $5) 20... exf4 21. Ne2 $14) 20.
Qxf6 $6 ({Better was} 20. Nf5 $1 Nf4 (20... Bc5 $4 21. Bg5 $1) (20... gxf5 21.
Qxh5+ Kg8 22. Bg5 Qd6 23. exf5 $16) 21. Nxe7 Nxe7 22. g3 $14) 20... Nxf6 (20...
Bxf6 21. Nxh5 gxh5 22. g3 $14 {White has a slight advantage thanks to a pair
of bishops.}) 21. Bg5 $14 Ng8 {[%cal Ye7f6,Yg8e7]} 22. Bc4 Bf6 23. f3 {[%cal
Yg1f2]} Nge7 24. Kf2 Kg8 25. Nf1 {[%csl Rf6][%cal Yf1h2,Yh2g4]} Rd6 (25... Bxg5
$5 26. hxg5 Nc8 $14) 26. Nh2 Nc8 27. Ng4 Nb6 28. Bb3 Nd7 ({Probably better was
} 28... Bxg5 29. hxg5 Rfd8 30. Rh1 Kf8 $1 (30... dxc3 {[%tqu "En","Please find
the winning continuation for white.","","","h1h8","",10]} 31. Rh8+ $3 Kxh8 32.
Bxf7 $18 {[%cal Ra1h1]})) 29. Ke2 Rd8 30. Bc4 Kf8 31. Nxf6 gxf6 32. Bd2 $16 {
White has a pair of bishops, and as well known R+B coordinate better than R+N,
so white's position is clearly better.} Ke7 {[%cal Gd7b6]} (32... Nb6 33. Bb3 (
33. Bb5) 33... dxc3 $6 34. bxc3 Rxd3 $4 35. Bh6+) 33. Be1 {defending the d3
pawn.} Rh8 34. Bf2 Nc5 35. g3 Ne6 36. Rh1 {White is going to play on two sides
in order to open the game, emphasizing his advantage of pair of bishops.
Therefore he needs two rooks on two sides.} Ncd8 37. Be1 Rb6 38. Ra2 Rd6 39.
Bd2 Nc6 {Black can only wait and see what white can come up with.} 40. f4 Nc5
41. Bd5 $1 dxc3 $6 (41... Ne6 {was more resistant.}) 42. bxc3 {After white
opens the "b" line, his position is just winning from the strategical point of
view.} Nd8 43. d4 $1 exd4 44. cxd4 Nce6 {From now on both players were in time
trouble.} 45. Bxa5 Nxd4+ 46. Ke3 c5 47. Rb1 $18 N4c6 48. Bb6 $6 {Not the best
decision.} ({The best continuation was} 48. Bc7 $1 Rd7 49. Bb6 Ne6 50. Bxc6
bxc6 51. f5 $18) (48. Bxd8+ {Strong enough as well}) 48... Ne6 49. Bxe6 (49. a5
$5) (49. Rab2 $5) 49... Kxe6 50. Bxc5 Rd7 51. Rb6 $6 (51. Rab2 $1 Rhd8 52. Rxb7
Rd3+ 53. Ke2 Rd2+ 54. Ke1 $18 {[%cal Gb1b6]}) 51... Rhd8 52. Rb3 $6 ({Better
was} 52. g4 $1 Rd3+ 53. Ke2) 52... f5 $1 53. a5 $6 ({After} 53. Bb6 $1 {
white kept the advantage:} Ra8 54. exf5+ Kxf5 55. Kf3 $16) 53... fxe4 54. Kxe4
Rd5 55. Bb6 R8d7 {Thanks to series of white's mistakes , black has got some
chances for the draw.} 56. a6 $2 {After the exchange of the pawns, position is
very close to draw. White has to continue} (56. g4 $142) 56... bxa6 57. Rxa6
f5+ 58. Ke3 Kf7 59. Ra2 Re7+ 60. Kf2 Re4 61. Be3 Na5 62. Rba3 Nc4 63. Ra7+ Ke6
64. R2a6+ Nd6 $2 {Probably my opponent overestimated his position and decided
to play for the win without a pawn.} ({While after} 64... Rd6 $1 $11 {black
achieves draw easily.}) 65. Rc7 Kf6 (65... Rd3 66. Bc1 $1) 66. Bc1 $1 {[%cal
Gc1b2]} Ke6 $2 (66... Re7 {was better.}) 67. Rg7 $1 $18 Rc4 (67... Kf6 68. Bb2+
) 68. Rxg6+ Kd7 69. Rg7+ Ke6 70. Rg6+ Ke7 {In this postion I has 4 ways of win
almost in one move, but unfortunately I was in time trouble and I chose the
continuation, which leads for the draw at the best case for me.} (70... Kd7 71.
Ra7+ Kc6 72. Ba3 $18) 71. Raxd6 $4 {[%mdl 8192]} (71. Be3 $18) (71. Ba3 $18) (
71. Ra7+ $18) (71. Rgxd6 Rc2+ 72. Kf3 Rxd6 73. Ba3 Rc3+ 74. Kg2 Rxa3 75. Rxa3
$18) 71... Rc2+ $1 {This is the move I've missed.} 72. Kf3 Rxd6 73. Rxd6 Kxd6
74. Be3 $11 Rc3 75. Kf2 Kd5 76. Kf3 {White has to play carefully not to lose
the game, his goal not to allow to black king to get in to e4.} Ke6 (76... Ra3
77. h5 $11) 77. Kf2 Rb3 78. Bd4 Kd5 79. Be5 $1 Rb7 (79... Ke4 80. h5) 80. Kf3
Rb1 81. Bg7 Ke6 82. h5 Rh1 83. h6 Rh2 84. Ke3 Kd5 85. Bf8 Ke6 86. Bg7 Kf7 87.
Kf3 Ra2 88. Be5 Kg6 89. Bg7 Ra8 1/2-1/2

[Event "Prague Masters 2nd"]
[Site "Prague"]
[Date "2020.02.14"]
[Round "3"]
[White "Firouzja, Alireza"]
[Black "Harikrishna, Pentala"]
[Result "1-0"]
[WhiteElo "2726"]
[BlackElo "2713"]
[Annotator "Firouzja,A"]
[PlyCount "79"]
[EventDate "2020.02.12"]
[EventType "tourn"]
[EventRounds "9"]
[EventCountry "CZE"]
[EventCategory "19"]
[SourceTitle "CBM 195"]
[Source "ChessBase"]
[SourceDate "2020.04.30"]
[SourceVersion "1"]
[SourceVersionDate "2020.04.30"]
[SourceQuality "1"]

{[%evp 0,79,19,38,25,16,14,23,25,0,4,0,9,2,19,14,20,-4,-5,-4,7,3,5,-26,17,18,
13,15,18,22,50,24,52,49,37,36,42,12,27,0,51,41,46,34,45,19,8,14,38,41,33,39,56,
49,22,20,102,38,31,21,86,66,89,54,193,193,187,215,255,255,325,359,343,360,375,
374,374,339,339,358,525,527]} 1. e4 {I had made two draws until this round, so
I really wanted to push for the win in this game.} e5 2. Nf3 Nc6 3. Bb5 a6 4.
Ba4 Nf6 5. O-O Be7 6. d3 {This is of course a slower move than 6.Re1, but it's
in order to prevent the Marshall.} (6. Re1 b5 7. Bb3 O-O {With my opponent
being a big expert of the Marshall, I thought this time I should avoid it.})
6... b5 7. Bb3 d6 8. c3 $5 {These days, the c3 move in this position is
surprise to people, mainly because of the more fashionable 8.a3!? which I
played in the first round of this tournament against Ragger. But in the old
days 8.c3 used to be the main line.} O-O 9. h3 Na5 {Going for the Chigorin
setup. Two rounds after this game, Vitiugov played 9...h6!? against me.} 10.
Bc2 c5 11. d4 {So now we have the old Chigorin setup, but with one tempo down
for White (normally in the classical line his rook is on e1 already!) But I
thought in these closed positions the tempo wouldn't matter - and I was
probably right!} Qc7 12. d5 $1 {And now White should close the center because
there is no time anymore for the Nbd2/Re1/Nf1 manoeuvre.} (12. Nbd2 cxd4 13.
cxd4 Nc6 (13... exd4 14. Nxd4 Re8 15. Re1 Bb7 {and this just a decent position
for Black because the white knight is still on d2 and not on g3!})) 12... Nc4
$5 {Pentala was trying to exploit that my knight wasn't already on d2, making .
..Nc4 impossible for Black here, but...} 13. b3 Nb6 14. a4 c4 $1 {Now we can
see that Black cannot really play the old 14...bxa4 15.bxa4 a5 plan because my
knight is sitting on b1 and can go to the b5 square via a3!} (14... bxa4 $2 15.
bxa4 a5 16. Na3 Ba6 17. Nb5 $16) 15. axb5 axb5 $2 {Its really hard to believe
that such a move can be mistake. But if you go deeper into the postion you
understand that Black should not really care about the pawns, and he has some
great square like c5 for his knight and can get excellent counterplay!} (15...
cxb3 $1 16. Bd3 (16. Bxb3 $2 Nxe4) 16... Nfd7 $1 {Probably the move that
Pentala missed during the game.} 17. Qxb3 Nc5 18. Qc2 f5 $13 {with a very
double-edged position!}) 16. Rxa8 Nxa8 17. bxc4 bxc4 (17... Qxc4 {Of course
now this looks really ugly for Black.} 18. Ba3 Re8 19. Bd3 Qc7 20. Bxb5 $18)
18. Ba3 $1 {So here I found a very nice setup for my pieces which you can see
in the game!} Nd7 {19.Nxe5 was the threat.} 19. Bb4 Nc5 20. Qe2 Nb6 21. Nbd2 {
This was the setup that I had in mind when I played 18.Ba3.} f5 $1 {The right
move. Otherwise Black will slowly lose the battle on the queenside.} 22. Rd1 {
The logic behind this move is simple of course: after ...fxe4/Nxe4 the pawn on
d5 will be well protected.} g6 23. Qe3 $1 {Very nice move.} f4 $2 {This move
just really questions the move 21...f5! The idea was to open up things on the
kingside and fight for some counterplay, but for some reason probably he
thought he was just worse after the exchanges in the center. But anyway Black
had to go for it!} (23... fxe4 24. Nxe4 Nxe4 25. Bxe4 Nd7 $14 {with idea
knight f6. White is still better, but Black is fighting.}) 24. Qe2 $16 {
From here I thought I was just winning because it's clear that White will win
the battle on the queenside.} Ba6 25. Ra1 Ra8 26. Qf1 $1 {Playing for the A
file} Qc8 ({Of course I was not scared of} 26... Nd3 {because the knight on d2
will be well blocking the pawn on d3!} 27. Bxd3 cxd3 28. Ra5 Nc4 29. Nxc4 Qxc4
30. Qa1 $18) 27. Ra5 Ncd7 (27... Nb3 28. Ra3 {and Black has to either go back
or exchange on d3 which does not improve his position at all.}) 28. Qa1 Bb5 29.
Nb1 g5 30. Rxa8 Nxa8 (30... Qxa8 {The endgame is of course completley winning
for White:} 31. Qxa8+ Nxa8 32. Na3 Ba6 33. Ba4 Nab6 34. Bb5 Bxb5 35. Nxb5 $18)
31. Qa7 {and the rest is just a matter of time. Black's pieces are all very
passive and he has lots of weaknesses.} Nc7 32. Na3 Ba6 33. Ba4 Nf6 34. Nxg5
Nfxd5 35. exd5 Bxg5 36. Bxd6 Nxd5 37. Bd7 $1 Qb7 38. Be6+ Kg7 39. Bxe5+ Bf6 40.
Qd4 {A very strong game from start to finish!} 1-0